Základy zdravotního inženýrství /
Saved in:
| Main Author: | |
|---|---|
| Format: | Book |
| Language: | Czech |
| Published: |
Praha:
Státní nakladatelství technické literatury,
1956
|
| Edition: | 1. vyd. |
| Tags: |
No Tags, Be the first to tag this record!
|
MARC
| LEADER | 00000nam a22000003a 4500 | ||
|---|---|---|---|
| 001 | 0022888 | ||
| 003 | SK-STU | ||
| 005 | 20170322112521.6 | ||
| 007 | ta | ||
| 008 | 170322s ----xo-----e------000-0-----d | ||
| 040 | |a STU |b slo | ||
| 041 | 0 | |a cze |h cze | |
| 044 | |a xr | ||
| 100 | 1 | |a Roth, Jaroslav |4 aut | |
| 245 | 1 | 0 | |a Základy zdravotního inženýrství / |c aut. Jaroslav Roth |
| 250 | |a 1. vyd. | ||
| 260 | |a Praha: |b Státní nakladatelství technické literatury, |c 1956 | ||
| 300 | |a 560 s. | ||
| 996 | |b 284V040220 |c V* 52440/O-23597 |l VVS |s A |a 24 |w 0022888_0001 | ||